Organizational psychology / (Record no. 4855)
[ view plain ]
| 000 -LEADER | |
|---|---|
| fixed length control field | 00823cam a2200169 a 4500 |
| 020 ## - INTERNATIONAL STANDARD BOOK NUMBER | |
| ISBN | 65018623 |
| 050 #0 - CALL NUMBER | |
| Classification number | HF5548.8 |
| Item number | .S35 |
| 100 1# - AUTHOR | |
| Personal name | Schein, Edgar H. |
| 245 10 - TITLE | |
| Title | Organizational psychology / |
| Statement of responsibility, etc | Edgar H. Schein. |
| 260 ## - PUBLICATION INFORMATION | |
| Place of publication | Englewood Cliffs, N.J. : |
| Name of publisher | Prentice-Hall, |
| Year of publication | 1965. |
| 300 ## - DESCRIPTION | |
| Number of Pages | xi, 114 p. |
| 500 ## - NOTES | |
| General note | Includes index |
| 505 ## - FORMATTED CONTENTS NOTE | |
| Table of Content | 1. The field of organizational psychology 1<br/>2. Psychological problems in organizations 6<br/>3. Recruitment, Selection, Training, and Allocation 18<br/>4. Organizational man and the progress of management 43<br/>5. Groups and inter group relationships 66<br/>6. The organization as a complex system 88<br/>7. Organizational effectiveness 96<br/>Selected readings 107<br/>Index 109<br/> |
| 650 #0 - SUBJECTS | |
| Topical Term | Psychology, Industrial. |
| 650 #0 - SUBJECTS | |
| Topical Term | Industrial sociology. |
| 942 ## - ADDED ENTRY ELEMENTS (KOHA) | |
| Koha item type | Books |
| Withdrawn status | Lost status | Collection code | Home library | Current library | Shelving location | Date acquired | Full call number | Accession Number | Koha item type |
|---|---|---|---|---|---|---|---|---|---|
| Reference | Methodist University Library Main | Methodist University Library Main | General Stacks | 22/01/2011 | HF5548.8 .S35 | 18026 | Books |